Host-Virus reactions with special reference to persistent agents : symposium organized by the Royal College of Pathologists delivered in London in February 1972 and published in December /

Saved in:
Bibliographic Details
Corporate Author: Royal College of Pathologists
Other Authors: Dick, George
Format: Book
Language:English
Published: London : Published for the Royal College of Pathologists by the Journal of Clinical Pathology, [1972].
Subjects:
LEADER 01069nam a2200229 i 4500
001 c000128648
003 CARM
005 00000000000000.0
008 840316s1972 enk 0 eng d
019 1 |a 10221573  |5 LACONCORD2021 
035 |a (OCoLC)221655995  |5 LACONCORD2021 
245 0 0 |a Host-Virus reactions with special reference to persistent agents :  |b symposium organized by the Royal College of Pathologists delivered in London in February 1972 and published in December /  |c Edited by George Dick. 
260 |a London :  |b Published for the Royal College of Pathologists by the Journal of Clinical Pathology,  |c [1972]. 
300 |a 158 p. :  |b illus. 
500 |a Includes bibliographies. 
650 0 |a Host-virus relationships. 
650 0 |a Virus diseases. 
700 1 |a Dick, George. 
710 2 0 |a Royal College of Pathologists. 
852 8 |b CARM  |h A2:AD06G0  |i C00552  |p 0031874  |f BK 
999 f f |i 06a1132c-6fe3-57b5-9fd6-2f37e97457b3  |s 2272b41d-1cb9-5cb8-a646-fc66d9108f7b 
952 f f |p Can circulate  |a CAVAL  |b CAVAL  |c CAVAL  |d CARM 1 Store  |e C00552  |f A2:AD06G0  |h Other scheme  |i book  |m 0031874